000
00354nam a2200145Ia 4500
001
2527
008
241024s9999 xx 000 0 und d
020
_a
99934-78-08-3
082
_a
RD/863.44/P438c
100
_a
Mario Emilio Pérez
245
0
_a
Cuentos de vividores
260
_b
Santo Domingo
_c
2004
901
_a
8/10/2012 1:20:13 p.m.
999
_c
7797
_d
7797